000 00574 a2200181 4500
003 NUST
005 20231227170021.0
040 _cNust
082 _a512,FER
100 _aFerrar, W.L.
_939252
245 _aAlgebra :
_ba text book of determinants,matrices,and algebraic forms /
_cW L Ferrar
250 _a2nd ed.
260 _bOxford University Press
_agreet briton
_c1957
300 _a220 p.:
505 _aPart-1: Determents (Page-1), Part-2: Matrices( Page-65), Part-3: Linear and Quadratic Forms (Page-117).
650 _aAlgebra
_98509
942 _2ddc
_cBK
_k512,FER
999 _c181832
_d181832